00321nam a2200109Ia 4500008004100000082000800041100003400049245001200083942000600095952009500101999001500196240331s9999 xx 000 0 und d bPAN aSamuga panpaddu visaranai. ed 0aPanuval cL 001040708LaWERCLbWERCLcSSCd2024-03-31l0o 335 PANp5657r2024-03-31w2024-03-31yL c3582d3582